Relatively close Capital City Pairs compared to Country Centroids: non-bordering Countries only - Statistics

General Stats
  • This quiz has been taken 28 times
  • The average score is 30 of 40
Answer Stats
Capital City % Correct
Bratislava
85%
Oslo
85%
Sofia
85%
Belgrade
80%
Berlin
80%
Bucharest
80%
Budapest
80%
Moscow
80%
Moscow
80%
Moscow
80%
Moscow
80%
Moscow
80%
Moscow
80%
Moscow
80%
Moscow
80%
Moscow
80%
Moscow
80%
Moscow
80%
Moscow
80%
Moscow
80%
Moscow
80%
Moscow
80%
Moscow
80%
Prague
80%
Stockholm
80%
Chisinau
75%
Copenhagen
75%
Copenhagen
75%
Helsinki
75%
Pristina
75%
Sarajevo
70%
Vienna
70%
Zagreb
70%
Skopje
65%
Tallinn
65%
Ljubljana
60%
Kuala Lumpur
55%
Singapore
50%
Valletta
50%
Tripoli
40%
No matching quizzes found
Score Distribution
Percent of People with Each Score
Percentile by Number Answered
Your Score History
You have not taken this quiz